[Event "Ruhrgebiet Verbandsklasse Gruppe 2 1819"]
[Site "Nordrheinwestfalen"]
[Date "2019.02.03"]
[Round "6.8"]
[White "Kaesemann, Holger"]
[Black "Kyas, Jens Stefan"]
[Result "1/2-1/2"]
[WhiteElo "1592"]
[BlackElo "1808"]
[PlyCount "70"]
[EventDate "2018.09.23"]
[EventType "team-tourn"]
[EventRounds "9"]
[EventCountry "GER"]
[SourceTitle "EXT 2022"]
[Source "ChessBase"]
[SourceDate "2021.10.06"]
[SourceVersion "1"]
[SourceVersionDate "2021.10.06"]
[SourceQuality "1"]
[WhiteTeam "Kupferdreh Germania"]
[BlackTeam "Oberhausen SW"]
[WhiteTeamCountry "GER"]
[BlackTeamCountry "GER"]

1. d4 f5 2. c4 Nf6 3. Nc3 e6 4. Nf3 d5 5. Bf4 c6 6. e3 Bd6 7. Bxd6 Qxd6 8. Ne5 Nbd7 9. cxd5 exd5 10. Nd3 0-0 11. g3 Ne4 12. Bg2 Ndf6 13. 0-0 Be6 14. f3 Nxc3 15. bxc3 Bf7 16. Ne5 Bh5 17. Qb1 Nd7 18. Nxd7 Qxd7 19. e4 fxe4 20. fxe4 Bg6 21. Qb3 Kh8 22. exd5 cxd5 23. Qxd5 Qc7 24. Qb3 Rac8 25. Rxf8+ Rxf8 26. Qb4 Rf6 27. Rf1 Rxf1+ 28. Bxf1 Qf7 29. Bg2 Qe8 30. Kf2 Qf7+ 31. Kg1 Qe8 32. Kf2 Qf7+ 33. Ke3 Qe6+ 34. Kf2 Qf7+ 35. Kg1 Qe8 1/2-1/2

[Event "Ruhrgebiet Verbandsklasse Gruppe 1 1718"]
[Site "Germany"]
[Date "2018.02.25"]
[Round "7.8"]
[White "Potyrala, Lukasz Rafal"]
[Black "Kyas, Jens Stefan"]
[Result "0-1"]
[WhiteElo "1649"]
[BlackElo "1769"]
[PlyCount "36"]
[EventDate "2017.09.17"]
[EventType "team-tourn"]
[EventRounds "9"]
[EventCountry "GER"]
[SourceTitle "EXT 2022"]
[Source "ChessBase"]
[SourceDate "2021.10.06"]
[SourceVersion "1"]
[SourceVersionDate "2021.10.06"]
[SourceQuality "1"]
[WhiteTeam "Dortmund FS"]
[BlackTeam "Oberhausen SW"]
[WhiteTeamCountry "GER"]
[BlackTeamCountry "GER"]

1. d4 f5 2. Nf3 Nf6 3. Bf4 e6 4. e3 d5 5. Be2 Bd6 6. Ne5 0-0 7. Nd2 Nbd7 8. Ndf3 Ne4 9. a3 Nxe5 10. dxe5 Be7 11. Nd2 g5 12. Nxe4 dxe4 13. Bg3 f4 14. exf4 gxf4 15. Qxd8 Bxd8 16. 0-0-0 fxg3 17. hxg3 Bg5+ 18. Kb1 Rxf2 0-1

[Event "Gelsenkirchen Silvester op 3rd"]
[Site "Gelsenkirchen"]
[Date "2015.12.28"]
[Round "3"]
[White "Kyas, Jens Stefan"]
[Black "Nikutowski, Oliver"]
[Result "1/2-1/2"]
[WhiteElo "1525"]
[BlackElo "1994"]
[PlyCount "37"]
[EventDate "2015.12.27"]
[EventType "swiss"]
[EventRounds "5"]
[EventCountry "GER"]
[SourceTitle "EXT 2019"]
[Source "ChessBase"]
[SourceDate "2018.10.10"]
[SourceVersion "1"]
[SourceVersionDate "2018.10.10"]
[SourceQuality "1"]

1. f4 d5 2. Nf3 c5 3. e3 Nf6 4. d4 Nc6 5. c3 cxd4 6. exd4 Qb6 7. Qb3 Qxb3 8. axb3 Bg4 9. Ne5 Nxe5 10. fxe5 Nd7 11. Be2 Bxe2 12. Kxe2 f5 13. c4 dxc4 14. bxc4 e6 15. c5 Be7 16. b4 Kf7 17. Be3 a6 18. Nd2 Rac8 19. Nc4 1/2-1/2